000 00673nam a2200205 a 4500
003 PILC
005 20150112093437.0
008 100722s19uu xx 00 eng d
020 _a0875847552
050 _aHD 58.8
_b.Se44 1997
082 _aMnSF 658.514
_bSe44 1997
100 _aBrown, John Seely, editor
_916612
245 _aSeeing differently :
_bInsights on innovation /
260 _aBoston, Massachusetts :
_bMarvard Business School Publishing,
_c1997.
300 _a245 pages :
_c23 cm.
440 _aHarvard Business Revieew Series
_915045
650 _aOrganizational change
_91358
650 _aTechnological innovations - Management
_9632
942 _2lcc
_cBK
999 _c14611
_d14611